<?xml version="1.0" encoding="UTF-8"?><?xml-stylesheet type="text/xsl" href="static/style.xsl"?><OAI-PMH xmlns="http://www.openarchives.org/OAI/2.0/" xmlns:xsi="http://www.w3.org/2001/XMLSchema-instance" xsi:schemaLocation="http://www.openarchives.org/OAI/2.0/ http://www.openarchives.org/OAI/2.0/OAI-PMH.xsd"><responseDate>2026-06-01T12:18:54Z</responseDate><request verb="GetRecord" identifier="oai:riuma.uma.es:10630/20786" metadataPrefix="marc">https://riuma.uma.es/rest/oai/request</request><GetRecord><record><header><identifier>oai:riuma.uma.es:10630/20786</identifier><datestamp>2026-02-03T12:10:44Z</datestamp><setSpec>com_10630_2254</setSpec><setSpec>col_10630_37959</setSpec></header><metadata><record xmlns="http://www.loc.gov/MARC21/slim" xmlns:dcterms="http://purl.org/dc/terms/" xmlns:doc="http://www.lyncode.com/xoai" xmlns:xsi="http://www.w3.org/2001/XMLSchema-instance" xsi:schemaLocation="http://www.loc.gov/MARC21/slim http://www.loc.gov/standards/marcxml/schema/MARC21slim.xsd">
   <leader>00925njm 22002777a 4500</leader>
   <datafield ind2=" " ind1=" " tag="042">
      <subfield code="a">dc</subfield>
   </datafield>
   <datafield ind2=" " ind1=" " tag="720">
      <subfield code="a">Luque-Rojas, María Jesús</subfield>
      <subfield code="e">author</subfield>
   </datafield>
   <datafield ind2=" " ind1=" " tag="260">
      <subfield code="c">2020-12-11</subfield>
   </datafield>
   <datafield ind2=" " ind1=" " tag="520">
      <subfield code="a">El estudio del cerebro y sus implicaciones en la realidad que nos rodea debería estar algo más presente en el entorno educativo en general, y en el escolar en particular. Las concepciones modernas de aprendizaje y memoria reconocen la importancia de circuitos cerebrales múltiples, semi-independientes (Milner et al., 1998) que, aunque interconectados, son circuitos diferentes que contribuyen a distintos aspectos del comportamiento. &#xd;
Este trabajo lleva por Funcionamiento ejecutivo y alumnos con altas capacidades intelectuales: A propósito de una muestra de estudio, que proseguirá en áreas concretas de estudio del constructo neuropsicológico funcionamiento ejecutivo. &#xd;
Este trabajo tiene un carácter de aproximación al estudio de las relaciones entre capacidades (aptitudes) y la aplicación o ejecución, entre un desarrollo cognitivo y el del funcionamiento ejecutivo, así como la asociación entre inteligencia y creatividad. Se hace con una muestra de niños y niñas con altas capacidades intelectuales, al entender que, en ellos, sus aptitudes están claramente diagnosticadas y que un análisis de relaciones entre variables puede aportar aspectos de interés en su desarrollo personal y académico.</subfield>
   </datafield>
   <datafield ind1="8" ind2=" " tag="024">
      <subfield code="a">https://hdl.handle.net/10630/20786</subfield>
   </datafield>
   <datafield tag="653" ind2=" " ind1=" ">
      <subfield code="a">Neuropsicología</subfield>
   </datafield>
   <datafield tag="653" ind2=" " ind1=" ">
      <subfield code="a">Orientación pedagógica</subfield>
   </datafield>
   <datafield ind2="0" ind1="0" tag="245">
      <subfield code="a">FUNCIONAMIENTO EJECUTIVO Y ALUMNOS CON ALTAS CAPACIDADES INTELECTUALES: A PROPÓSITO DE UNA MUESTRA DE ESTUDIO</subfield>
   </datafield>
</record>
</metadata></record></GetRecord></OAI-PMH>